Software Project Management (Record no. 9125)

MARC details
000 -LEADER
fixed length control field 00411nam a2200169Ia 4500
008 - FIXED-LENGTH DATA ELEMENTS--GENERAL INFORMATION
fixed length control field 221030s9999 xx 000 0 und d
020 ## - INTERNATIONAL STANDARD BOOK NUMBER
ISBN 0070619859
041 ## - LANGUAGE CODE
Language code of text/sound track or separate title
082 ## - DEWEY DECIMAL CLASSIFICATION NUMBER
Classification number 105.23
100 ## - MAIN ENTRY--AUTHOR NAME
Personal name B. Hughes
245 #0 - TITLE STATEMENT
Title Software Project Management
Statement of responsibility, etc by B. Hughes, M. Cotterell
260 ## - PUBLICATION, DISTRIBUTION, ETC. (IMPRINT)
Name of publisher TMH
Place of publication New Delhi
Year of publication 2010
300 ## - PHYSICAL DESCRIPTION
Number of Pages 357
650 ## - SUBJECT ADDED ENTRY--TOPICAL TERM
Topical Term BE Computer
700 ## - ADDED ENTRY--PERSONAL NAME
Personal name M. Cotterell
942 ## - ADDED ENTRY ELEMENTS (KOHA)
Koha item type Books
Holdings
Accession Number Cost, normal purchase price Bill Date Full call number Source of acquisition Price effective from Koha item type Withdrawn / writtenoff status Materials specified (bound volume or other part) Damaged status Not for loan Permanent Location Current Location Shelving location Date acquired Lost/ Missing status department
BE 10789 395.00 345 105.23 Durga Books, Amritsar 10/30/2022 Books   Print     MIET Library, Jammu MIET Library, Jammu BL-Academic Block B, FL-1, CUP-58, SH-5, R-5 07/02/2010   BE
BE 10790 395.00 345 105.23 Durga Books, Amritsar 10/30/2022 Books   Print     MIET Library, Jammu MIET Library, Jammu BL-Academic Block C, FL-2, CUP-91, SH-3, R-3 07/02/2010   BE